Les meilleurs gardiens de but de football du monde - Statistiques

Statistiques générales
  • Ce quiz a été pris 309 fois
  • Le résultat moyen est 16 sur 25
Statistiques - réponses
Rang Championnat Nationalité Joueur % Correct
1 Liga Belgique Thibaut Courtois
99%
3 Bundesliga Allemagne Manuel Neuer
95%
2 Serie A France Mike Maignan
93%
5 Premier League Brésil Alisson Becker
92%
7 Premier League Brésil Ederson
90%
4 Premier League Argentine Emiliano Martinez
90%
11 Ligue 1 Italie Gianluigi Donnarumma
90%
6 Serie A Suisse Yann Sommer
84%
10 Liga Slovénie Jan Oblak
78%
15 Liga Allemagne Marc-André Ter Stegen
76%
19 Ligue 1 France Lucas Chevalier
68%
20 Premier League Cameroun André Onana
64%
22 Saudi Pro League Maroc Yassine Bounou
63%
8 Bundesliga Suisse Gregor Kobel
62%
12 Liga Ukraine Andrey Lunin
61%
9 Premier League Espagne David Raya
58%
23 Ligue 1 France Brice Samba
50%
18 Premier League Angleterre Jordan Pickford
50%
17 Liga Portugal Portugal Diogo Costa
45%
14 Liga Espagne Unai Simon
44%
16 Liga Géorgie Giorgi Mamardashvili
41%
13 Premier League Italie Guglielmo Vicario
39%
21 Bundesliga Allemagne Kevin Trapp
20%
25 Premier League Allemagne Stefan Ortega
9%
24 Liga Argentine Paulo Gazzaniga
6%
Aucun quiz correspondant
Distribution des résultats
% des personnes avec chaque résultat
Percentile par nombre de réponses
Votre historique - résultats
Vous n’avez pas pris ce quiz